000 00404nam a22001697a 4500
003 OSt
005 20250908143637.0
007 577 pages
008 250908b |||||||| |||| 00| 0 eng d
020 _a9789355325891
040 _c
082 _27
_a005.133
_bBAL
245 _aProgramming with Java
_cBalagursamy,E
250 _a7
260 _bMcgraw Hill
_c2024
942 _2ddc
_cBK
_e7
_k005.133
_mBAL
_n0
999 _c36248
_d36248